Statistics for Top 100 Fantasy Ranking for 2018-19 NHL Season

Click here to take the quiz!

General Stats

  • This quiz has been taken 91 times
  • The average score is 69 of 100

Answer Stats

Hint Answer % Correct
3PenguinsCSidney Crosby
100%
1CapitalsLWAlex Ovechkin
98%
6PenguinsCEvgeni Malkin
98%
2OilersCConnor McDavid
98%
5LightningRWNikita Kucherov
96%
11BruinsLWBrad Marchand
96%
20BlackhawksRWPatrick Kane
95%
4StarsC/LWJamie Benn
95%
45SharksLWEvander Kane
95%
16StarsCTyler Seguin
93%
13AvalancheCNathan MacKinnon
93%
9Maple LeafsCJohn Tavares
93%
8Maple LeafsCAuston Matthews
93%
12LightningCSteven Stamkos
93%
22SharksDBrent Burns
91%
36SenatorsDErik Karlsson
91%
37CapitalsGBraden Holtby
91%
59Golden KnightsC/LWWilliam Karlsson
91%
19DevilsLWTaylor Hall
89%
7JetsRWPatrick Laine
89%
15FlyersC/LWClaude Giroux
89%
41PredatorsDP.K. Subban
89%
24KingsCAnze Kopitar
89%
30KingsDDrew Doughty
88%
32SabresCJack Eichel
86%
31Maple LeafsRWMitch Marner
86%
57Golden KnightsGMarc-Andre Fleury
86%
49PredatorsGPekka Rinne
86%
40KingsGJonathan Quick
84%
44DucksCRyan Getzlaf
82%
62CapitalsCNicklas Backstrom
82%
48BruinsGTuuka Rask
82%
34PenguinsRWPhil Kessel
82%
43SharksC/RWJoe Pavelski
80%
42Blue JacketsGSergei Bobrovsky
80%
29FlamesLWJohnny Gaudreau
80%
53PredatorsDRoman Josi
80%
55Blue JacketsDSeth Jones
80%
23CapitalsCEvgeny Kuznetsov
80%
51SharksGMartin Jones
80%
25BluesRWVladimir Tarasenko
80%
35Maple LeafsGFrederik Andersen
79%
28BruinsCPatrice Bergeron
79%
39PanthersCAleksander Barkov
79%
14JetsC/RWBlake Wheeler
77%
66StarsGBen Bishop
77%
56PenguinsGMatt Murray
75%
38PredatorsLWFilip Forsberg
75%
21JetsDDustin Byfuglien
73%
17LightningGAndrei Vasilevskiy
73%
27LightningDVictor Hedman
73%
50StarsDJohn Klingberg
70%
18JetsGConnor Hellebuyck
70%
10BruinsRWDavid Pastrnak
70%
64CanucksRWBrock Boeser
68%
86AvalancheLWGabriel Landeskog
68%
33Blue JacketsLWArtemi Panarin
66%
81PenguinsDKris Letang
66%
46OilersC/RWLeon Draisaitl
66%
63HurricanesC/LWSebastian Aho
66%
78Maple LeafsC/RWWilliam Nylander
64%
90LightningCBrayden Point
64%
70CapitalsDJohn Carlson
64%
93WildGDevan Dubnyk
64%
47FlyersRWJakub Voracek
63%
80AvalancheRWMikko Rantanen
61%
87SabresLWJeff Skinner
61%
60FlamesCSean Monahan
61%
96CoyotesDOliver Ekman-Larsson
59%
69Golden KnightsC/LWJonathan Marchessault
57%
77BruinsDTorey Krug
55%
94CanadiensLWMax Pacioretty
54%
100BruinsDCharlie McAvoy
54%
82FlamesDMark Giordano
52%
54StarsRWAlexander Radulov
52%
89SabresDRasmus Dahlin
52%
97AvalancheDTyson Barrie
50%
92PanthersLWJonathan Huberdeau
48%
72FlyersRWWayne Simmonds
48%
95CoyotesGAnti Raanta
48%
83SharksC/LWLogan Couture
46%
85CoyotesLW/RWClayton Keller
46%
91PredatorsRWViktor Arvidsson
45%
99PredatorsCRyan Johansen
45%
68BluesCBrayden Schenn
45%
74HurricanesDDougie Hamilton
45%
71FlamesLWMatthew Tkachuk
45%
98HurricanesLW/RWTeuvo Teravainen
43%
26JetsCMark Schiefele
43%
67DucksLW/RWRickard Rakell
43%
58KingsLW/RWIlya Kovalchuk
36%
79JetsLW/RWNikolaj Ehlers
36%
84WildC/RWMikael Granlund
36%
76FlyersCSean Couturier
34%
52PenguinsRWPatric Hornqvist
32%
75PanthersCVincent Trocheck
32%
88PanthersDKeith Yandle
27%
65DucksGJohn Gibson
23%
61IslandersCMathew Barzal
16%
73FlyersDShayne Gostisbehere
14%

Score Distribution

Percentile by Number Answered

Percent of People with Each Score

Your Score History

You have not taken this quiz